| 000 | 06354nam0a22007451 4500 | ||
|---|---|---|---|
| 001 | RU\NLR\A1\10228 | ||
| 005 | 20260407102311.0 | ||
| 035 | _a(NLR Aleph) 009673667 | ||
| 090 |
_a9673200 _c9673200 |
||
| 100 | _a19970829d1788 m y0rusy50 ca | ||
| 101 | 1 |
_arus _cfre |
|
| 102 | _aRU | ||
| 135 | _acrcn 024anaba | ||
| 140 | _ay y eayaa0000 | ||
| 200 | 1 |
_aЗагадочный мир, _fсочиненный маркизом Карачиоли, полковником в службе короля прусскаго. _gПереведен с французскаго языка [Гавриилом Смирновым]. |
|
| 210 |
_aМосква _cв типографии Компании типографической _d1788 |
||
| 215 |
_a195, [1] c. _d8° |
||
| 300 | _aЦенз.: с указнаго дозволения (тит. л.) | ||
| 316 |
_aЭкз. РНБ (18.97.3.189) в цельнокожан. коричневом пер. Корешок с 5-ю бинтами, тиснением и крас. кожан. наклейкой на которой вытиснено: "Загадоч. мир". На нижней крышке пер. экслибрис рус. фонда РНБ с шифром. На тит. л., с.33 и с.195 круглый штамп ГПБ. Размер: 18,0х11,0х1,5 см _5NLR: 18.97.3.189 |
||
| 316 |
_aЭкз. РНБ (137/563) является частью владельч. конволюта. Припл. 1 ед. Экз. в цельнокожан. пер. коричневого цвета. Корешок с 4-мя бинтами, тиснением и кожан. наклейкой красного цвета с надписью: "Загадочн мир". На нижней крышке пер. экслибрис рус. фонда РНБ с шифром. На форзаце ярлык с шифром РНБ. На тит. л. круглый штамп ГПБ "Дублет". _5NLR: 137/563 |
||
| 316 |
_aЭкз. РНБ (РЗФ 18 в. 1/464) в цельнокожан. пер. коричневого цвета. Корешок с тиснением и кожан. наклейкой красного цвета с надписью: "Загад мир". На корешке бумаж. наклейка с цифрой: "12". На нижней крышке пер. экслибрис РЗ фонда ГПБ с шифром. На тит. л. круглый штамп ГПБ "Дублет". _5NLR: РЗФ 18 в. 1/464 |
||
| 316 |
_aЭкз. РНБ (РЗФ 18 в. 1/464а) в бумаж. обл. сиреневого цвета. На корешке синяя бумаж. наклейка с надписью чернилами: "Загадочный мир". На 1-й с. и 2-й с. обл. ярлык с шифром РНБ. На 4-й с. обл. экслибрис РЗ фонда ГПБ с шифром. На тит. л. круглый штамп ГПБ "Дублет". _5NLR: РЗФ 18 в. 1/464а |
||
| 317 |
_aВ экз. РНБ (18.97.3.189) на тит. л. владельч. запись: "П. Ефремов". _5NLR: 18.97.3.189 |
||
| 317 |
_aВ экз. РНБ (18.97.3.189) на нахзаце сюжетный ярлык "Антикварная книжная торговля В.И. Клочкова". _5NLR: 18.97.3.189 |
||
| 317 |
_aВ экз. РНБ (137/563) на нахзаце сюжетный ярлык "Антикварная книжная торговля В.И. Клочкова". _5NLR: 137/563 |
||
| 317 |
_aВ экз. РНБ (РЗФ 18 в. 1/464) на нахзаце шрифтовой ярлык "Антикварная книжная торговля В.И. Клочкова". _5NLR: РЗФ 18 в. 1/464 |
||
| 321 | 1 | _aСК XVIII 2828 | |
| 325 | _aКопия доступна в Электрон. б-ке РНБ | ||
| 481 | 0 |
_1001RU\NLR\A1\26029 _99699264 _aШоффен, Д. Э. (1703-1773) _cПечатана в Московской Сенатской типографии _d1788 _fсочинена Давидом Стефаном Шоффином, _nиждивением А. Светушкина _p[6], 154, [2] с. _tСокращенная Сократова история, |
|
| 620 | _dМосква | ||
| 700 | 1 |
_6z01790 _6z02790 _aКараччоли _bЛ. А. _f1721-1803 _gЛуи Антуан _4070 |
|
| 702 | 1 |
_4730 _7ca _8rus _aСмирнов _bГ. А. _cпереводчик _f18 в. _gГавриил Алексеевич _9193091 _3RU\NLR\AUTH\770193142 |
|
| 702 | 1 |
_4390 _7ca _8rus _aКлочков _bВ. И. _fок.1861-1915 _gВасилий Иванович _9172600 _3RU\NLR\AUTH\770172651 |
|
| 702 | 1 |
_4390 _7ca _8rus _aКлочков _bВ. И. _fок.1861-1915 _gВасилий Иванович _9172600 _3RU\NLR\AUTH\770172651 |
|
| 702 | 1 |
_4390 _7ca _8rus _aКлочков _bВ. И. _fок.1861-1915 _gВасилий Иванович _9172600 _3RU\NLR\AUTH\770172651 |
|
| 702 | 1 |
_4390 _8rus _7ca _aЕфремов _bП. А. _f1830-1907 _gПетр Александрович _3RU\NLR\AUTH\7759580 _942511 |
|
| 712 | 0 | 2 |
_4610 _aТипографическая компания _cМосква _bТипография _3RU\NLR\AUTH\889930188 _9355937 |
| 790 | 1 |
_6z01700 _aCaraccioli _bL.A. _gLouis Antoine _7ba |
|
| 790 | 1 |
_6z02700 _aКарачиоли _bЛ. А. _gЛуи Антуан |
|
| 801 | 0 |
_aRU _bNLR _c19970829 |
|
| 852 |
_aNLR _j18.97.3.189 |
||
| 852 |
_aNLR _j137/563 |
||
| 852 |
_aNLR _bРЗФ _j18 в. 1/464 |
||
| 852 |
_aNLR _bРЗФ _j18 в. 1/464а |
||
| 856 | 0 | _uhttps://vivaldi.nlr.ru/bx000018897/view | |
| 856 | 1 | _uhttps://vivaldi.nlr.ru/bx000018897/cover | |
| 856 | 2 | _uhttps://vivaldi.nlr.ru/bx000018897/text | |
| 899 | _aРГБ | ||
| 899 | _aБАН | ||
| 899 | _aЗНБ СГУ | ||
| 899 | _aНБ РК | ||
| 899 | _aМГУ | ||
| 899 | _aГПИБ | ||
| 942 | _cBOOK | ||
| 980 | _aNB | ||
| 980 | 3 | _akpcivil2020 | |
| 980 | 3 | _akp2020 | |
| 980 | 3 | _akp | |
| 980 | _aA1XVIIIv | ||
| 981 | 4 | 4 | _a(44) Оцифровано по рекомендациям читателей |
| 981 | 2 | 0 |
_a(20) Книжные памятники РНБ _b(20) Русский книжный фонд |